[Event "Paris op-1"]
[Site "Paris"]
[Date "1989.??.??"]
[Round "?"]
[White "Ben Aleya, H."]
[Black "Bonnassieux, Marc"]
[Result "1-0"]
[WhiteElo "1960"]
[BlackElo "1840"]
[PlyCount "45"]
[EventDate "1989.??.??"]
[EventType "swiss"]
[EventRounds "9"]
[EventCountry "FRA"]
[SourceTitle "TD"]
[Source "ChessBase"]
[SourceDate "1994.03.01"]
[SourceVersion "1"]
[SourceVersionDate "1994.03.01"]
[SourceQuality "1"]

1. Nf3 Nf6 2. d3 d5 3. Bg5 e6 4. Nbd2 Be7 5. e4 dxe4 6. dxe4 0-0 7. Be2 b6 8. 0-0 Bb7 9. Bxf6 Bxf6 10. e5 Be7 11. Bd3 Nd7 12. Be4 Qc8 13. Bxb7 Qxb7 14. Qe2 Rfd8 15. Rfd1 Nf8 16. Ne4 Ng6 17. g3 Rac8 18. h4 Bf8 19. h5 Ne7 20. h6 g6 21. Nf6+ Kh8 22. Rxd8 Rxd8 23. Ng5 1-0

[Event "Paris op-1"]
[Site "Paris"]
[Date "1989.??.??"]
[Round "?"]
[White "Ben Aleya, H."]
[Black "Chenel, Jean Louis"]
[Result "1-0"]
[WhiteElo "1960"]
[BlackElo "1820"]
[PlyCount "67"]
[EventDate "1989.??.??"]
[EventType "swiss"]
[EventRounds "9"]
[EventCountry "FRA"]
[SourceTitle "TD"]
[Source "ChessBase"]
[SourceDate "1994.03.01"]
[SourceVersion "1"]
[SourceVersionDate "1994.03.01"]
[SourceQuality "1"]

1. d4 Nf6 2. Nf3 g6 3. c4 Bg7 4. Nc3 0-0 5. e4 d6 6. Be2 e5 7. dxe5 dxe5 8. 0-0 c6 9. Bg5 Qe7 10. Qc2 h6 11. Bh4 g5 12. Bg3 Nh7 13. h4 g4 14. Nh2 h5 15. f3 f5 16. exf5 Bxf5 17. Bd3 Bxd3 18. Qxd3 gxf3 19. Rxf3 Na6 20. Ne4 Nf6 21. Raf1 Rad8 22. Nxf6+ Rxf6 23. Qe2 Rxf3 24. Nxf3 e4 25. Ng5 Qe8 26. Nxe4 Bxb2 27. Qxb2 Qxe4 28. Qxb7 Qxc4 29. Rf5 Qd4+ 30. Kh2 Rd7 31. Rg5+ Kf7 32. Qxa6 Qe4 33. Qf1+ Ke7 34. Re5+ 1-0